| 000 | 00724nam a22002537a 4500 | ||
|---|---|---|---|
| 005 | 20170124110037.0 | ||
| 010 | _aA-792716 | ||
| 020 |
_c00.00 _a8120401611 |
||
| 035 | _aA-792716 | ||
| 037 | _bCen Lib/Ret | ||
| 040 |
_aDPL _bEN |
||
| 082 |
_a616.07 _bSHA |
||
| 100 |
_aShankar, P.S. _922959 |
||
| 245 |
_aManual clinical methods / _cby P.S.Shankar |
||
| 250 | _a2nd ed | ||
| 260 |
_aNew Delhi _bOxford & IBH publishing co. _c1976 |
||
| 270 |
_a66,Janpath _bNew Delhi _e110001 |
||
| 300 |
_a264p. : _c20cm(Hb) _bill. |
||
| 500 | _aIncludes index | ||
| 650 |
_aAtomic absorption spectroscopy _922960 |
||
| 650 |
_aClinical Medicine _922961 |
||
| 700 | _922863 | ||
| 942 |
_2ddc _cEN _h616.07 _mSHA |
||
| 999 |
_c128296 _d128296 |
||